Σημειώσεις Στατικής Ι / Ισοστατικοί Φορείς (Record no. 2855)
[ view plain ]
| 000 -LEADER | |
|---|---|
| fixed length control field | 01657cam a22001814a 4500 |
| 005 - ΗΜΕΡΟΜΗΝΙΑ ΚΑΙ ΩΡΑ ΤΕΛΕΥΤΑΙΑΣ ΕΝΗΜΕΡΩΣΗΣ | |
| Πεδίο ελέγχου | 20250605164055.0 |
| 008 - FIXED-LENGTH DATA ELEMENTS--GENERAL INFORMATION | |
| Πεδίο ελέγχου σταθερού μήκους | 250528s ||||||||||||||||||||||||d |
| 035 ## - SYSTEM CONTROL NUMBER | |
| System control number | 17434 |
| 040 ## - ΠΗΓΗ ΚΑΤΑΛΟΓΟΓΡΑΦΗΣΗΣ | |
| Φορέας πρωτότυπης καταλογογράφησης | MC Athens Campus Library |
| Γλώσσα καταλογογράφησης | Ελληνικά, Μοντέρνα (1453-) |
| Modifying agency | MC Athens Campus Library |
| Κανόνες περιγραφικής καταλογογράφησης | AACR2 |
| 245 1# - ΤΙΤΛΟΣ ΚΑΙ ΔΗΛΩΣΗ ΥΠΕΥΘΥΝΟΤΗΤΑΣ | |
| Τίτλος | Σημειώσεις Στατικής Ι / Ισοστατικοί Φορείς |
| 260 ## - PUBLICATION, DISTRIBUTION, ETC. | |
| Name of publisher, distributor, etc. | Εθνικό Μετσόβιο Πολυτεχνείο, |
| Date of publication, distribution, etc. | 1989 |
| 300 ## - PHYSICAL DESCRIPTION | |
| Extent | 148 |
| 520 ## - SUMMARY, ETC. | |
| Summary, etc. | Αντικείμενο της Στατικής, Ισοστατικοί Φορείς, Δυνάμεις - Φορτία, Εξισώσεις Ισορροπίας, Αρχή Δράσεως - Αντιδράσεως, Στηρίξεις των Φορέων, Ισοστατικός Σχηματισμός, Ισοστατικός Τρόπος Στηρίξεως, Σύνθετοι Φορείς, Παραδοχές, Μεγέθη Εντάσεως Ολόσωμων Φορέων, Σχέσεις Φορτίσεως και Εντατικών Μεγεθών, Βασικές Επιλύσεις, Χάραξη Διαγραμμάτων Εντάσεως, Δύο Παραδείγματα, Απλές Δοκοί, Δοκοί Gerber, Τριαρθρωτό Πλαίσιο, Σχοινοειδής Φορέας, Καλώδια, Ειδικοί Φορείς, Δικτυώματα, Γραμμές Επιρροής, Ο Καθορισμός των Γραμμών Επιρροής, Η Αρχή των Δυνατών Έργων, Υπολογισμός των Παραμορφόσεων, Θεώρημα Betti - Maxwell, Παράρτημα Ασκήσεων. |
| 700 1# - ΠΡΟΣΘΕΤΗ ΑΝΑΓΡΑΦΗ--ΦΥΣΙΚΟ ΠΡΟΣΩΠΟ | |
| Personal name | Σταυρίδης Λεωνίδας |
| 9 (RLIN) | 3590 |
| 942 ## - ADDED ENTRY ELEMENTS (KOHA) | |
| Koha item type | Books |
| Τύπος τεκμηρίου | Βιβλιοθήκη | Τρέχουσα τοποθεσία | Barcode | Αριθμός εισαγωγής | Ημερομηνία απόκτησης | Ταξιθετικό σύμβολο | Αριθμός αντιτύπου | Κατάσταση απόσυρσης | Κατάσταση χαμένου | Κατάσταση κατεστραμμένου | Μη δανεισμός | Σύνολο δανεισμών | Ημερομηνία τελευταίας εμφάνισης | Η τιμή ισχύει από |
|---|---|---|---|---|---|---|---|---|---|---|---|---|---|---|
| Books | MC Athens Campus Library | MC Athens Campus Library | 9780000028549 | 5680 | 05/06/2025 | 624.171 STA V.I | 1 | 05/06/2025 | 05/06/2025 |